00851nam a22002177a 4500999001900000005001700019010001500036020002700051035001400078037001300092082001600105245012000121260004500241270006400286300002300350500005100373700001800424700002000442942003000462952014100492 c173038d17303820200218101656.0 aENG-127888 c1195.00a9780199489626 aEN-111420 bDBAD/PUB a324.9540532 aThe algebra of warfare-welfare:cedited by Irfan Ahmad [and] Pralay Kanungoba long view of India's 2014 election/ aNew Delhic2019bOxford University Press a2/11 Ground Floor,Ansari Road,Dariyaganje110002bNew Delhi axvii;385p.b22(hb) aincludes bibliographical references and index  aAhmad, Irfan, aKanungo, Pralay 2ddccENhALGk324.9540532 001040708NFICaLbLd2020-02-18eDBAD/PUBg1195.00l2m2oALGpEN-111420r2025-02-11 00:00:00s2024-12-26t1v1195.00w2020-02-18yEN